| 000 | 00461nam a2200169Ia 4500 | ||
|---|---|---|---|
| 008 | 220531s9999 xx 000 0 und d | ||
| 041 | _amar | ||
| 100 |
_aर्. _942610 |
||
| 245 | _aआला पुनर्जन्म प्लॅचेट | ||
| 250 | _a1ST | ||
| 260 |
_bMaharashtra andhashradha nirmulan _c1999 |
||
| 300 | _a55 | ||
| 542 | _d03-08-2000 | ||
| 650 |
_aSociology _942611 |
||
| 906 |
_d2000-2001 _f7758 |
||
| 999 |
_c25392 _d25392 |
||